000 00823pam a2200253 i 4500
999 _c24211
_d24211
001 4173584
005 20170128093718.0
008 790604r1979 nyu 001 0 eng
010 _a 79052093
020 _a0394170997
040 _aDLC
_cDLC
_dDLC
050 1 0 _aPN2071
_b .I5H59 1979
100 1 _aHodgson, John Reed.
245 0 0 _aImprovisation /
_cJohn Hodgson and Ernest Richards.
250 _a1st Evergreen ed.
260 _aNew York :
_bGrove Press : distributed by Random House,
_c1979, c1974.
300 _axi, 203 p. :
_c20 cm.
500 _aReprint of the new rev. ed. published by Eyre Methuen, London.
500 _aIncludes index.
650 0 _aImprovisation (Acting)
700 1 _aRichards, Ernest,
_ejoint author.
942 _2lcc
_cBOOKS
_hPN2071 .I5H59 1979